Capitals with Unique Last 2 Letters - Statistics

General Stats
  • This quiz has been taken 215 times
    210 since last reset
  • The average score is 28 of 67
Answer Stats
Hint Answer % Correct
sk Minsk
79%
aa Sana'a
79%
iv Kyiv
76%
am Amsterdam
69%
yo Tokyo
69%
nn Tallinn
66%
dh Riyadh
65%
ow Moscow
64%
uz Vaduz
63%
rn Bern
62%
oi Hanoi
62%
tt Nouakchott
60%
nh Phnom Penh
59%
eb Zagreb
58%
lo Oslo
57%
rg Luxembourg
56%
je Skopje
56%
ry Conakry
55%
ki Helsinki
55%
az La Paz
55%
ja Abuja
51%
ls Brussels
50%
as Caracas
50%
rs Algiers
49%
by Port Moresby
49%
ko Bamako
48%
ok Bangkok
48%
ey Niamey
48%
du Kathmandu
47%
be Dushanbe
45%
ku Baku
44%
fa Nuku'alofa
44%
ir Palikir
43%
nt Tashkent
42%
um Khartoum
41%
ui Bangui
40%
ik Reykjavik
40%
co Monaco
36%
wa Ottawa
36%
ut Beirut
35%
em Jerusalem
34%
sa Kinshasa
34%
eo Montevideo
34%
ha Doha
33%
we Lilongwe
33%
id Madrid
33%
ud Ngerulmud
33%
ei Taipei
31%
ns Athens
30%
ue Prague
30%
om Stockholm
29%
ua Managua
26%
hi New Delhi
26%
us Damascus
24%
ru Maseru
23%
si Tbilisi
23%
bi Abu Dhabi
22%
ce Port-au-Prince
20%
ur Kuala Lumpur
17%
ca Podgorica
16%
no San Marino
15%
te Sri Jayawardenepura Kotte
15%
pa Tegucigalpa
15%
da Luanda
13%
ns Saint John's
13%
se San José
6%
or San Salvador
5%
No matching quizzes found
Score Distribution
Percent of People with Each Score
Percentile by Number Answered
Your Score History
You have not taken this quiz since the last reset